zpět

Detail výsledku týmu

Za Vodojemem, Chrudim

Datum a čas kvízu

26 Celkem bodů Celkový počet nahraných bodů na tomto kvízu bez doplňovacích otázek.
8. Pořadí na kvízu Konečné umístění týmu na tomto kvízu.

Zaznamenané odpovědi

# Otázka Odpověď Body Výsledky
1. Předseda Nejvyššího soudu přij... Pavel Šámal 0
2. Jistá evropská země má od minu... o Finsku 1
3. Nejvíce nominací na Zlaté glób... Scarlett Johanssonová, Adam Driver 1
4. Skupina Kofola ve středu oznám... Korunní, Ondrášovka 0
5. Slavia Praha se rozloučila s L... Tomáš Souček 1
6. Plzeňské Odumřelé buňky se v l... vchod 1
7. "Dám vám hádanku a když ji uhá... kamizola 1
8. Ty knedlíky připomínají vajíčk... karety obrovské 1
9. „Prase počká. Ty jsi přednější... Pandrholo 0
10. "Žvejka to je hrozný hnus, žve... Willy Wonka 0